书目信息 |
| 题名: |
中国保险资产管理发展报告
|
|
| 作者: | 本书编写组编著 | |
| 分册: | 2011 | |
| 出版信息: | 北京 中国金融出版社 2012 |
|
| 页数: | 636页 | |
| 开本: | 24cm | |
| 丛书名: | ||
| 单 册: | ||
| 中图分类: | F842.3 | |
| 科图分类: | ||
| 主题词: | 保险业--资产管理--研究报告--中国--2011 , 保险业 , 资产管理 | |
| 电子资源: | ||
| ISBN: | 978-7-5049-6238-6 | |
| 000 | 00945nam0 2200265 450 | |
| 001 | 523 | |
| 005 | 20140909165819.12 | |
| 010 | @a978-7-5049-6238-6@dCNY88.00 | |
| 100 | @a20120716d2012 em y0chiy50 ea | |
| 101 | 0 | @achi |
| 102 | @aCN@b110000 | |
| 105 | @ay z 000yy | |
| 106 | @ar | |
| 200 | 1 | @a中国保险资产管理发展报告@h2011@f本书编写组编著 |
| 210 | @a北京@c中国金融出版社@d2012 | |
| 215 | @a636页@d24cm | |
| 312 | @a封面英文题名:China insurance asset management development report. 2011 | |
| 330 | @a本书系统回顾了保险资产管理的改革发展历程,真实描述了市场运作的情况,客观再现了诸多历史事件,展示了中国保险业发展的历程,对中国保险资产管理进行深入的研究。 | |
| 510 | 1 | @aChina insurance asset management development report@h2011@zeng |
| 606 | 0 | @a保险业@x资产管理@x研究报告@y中国@z2011 |
| 606 | 0 | @a保险业 |
| 606 | 0 | @a资产管理 |
| 690 | @aF842.3@v5 | |
| 801 | 0 | @aCN@bTANGWEI@c20140603 |
| 905 | @b0842963-65@dF842.3@e97@f3 | |
| 中国保险资产管理发展报告.2011/本书编写组编著.-北京:中国金融出版社,2012 |
| 636页;24cm |
| ISBN 978-7-5049-6238-6:CNY88.00 |
| 本书系统回顾了保险资产管理的改革发展历程,真实描述了市场运作的情况,客观再现了诸多历史事件,展示了中国保险业发展的历程,对中国保险资产管理进行深入的研究。 |
| ● |
| 相关链接 |
|
|
|
|
正题名:中国保险资产管理发展报告
索取号:F842.3/97
 
预约/预借
| 序号 | 登录号 | 条形码 | 馆藏地/架位号 | 状态 | 备注 |
| 1 | 0842963 | 208429636 | 第一样本阅览室/ [索取号:F842.3/97] | 在馆 | |
| 2 | 0842964 | 208429645 | 密集书库-海洋学院/ [索取号:F842.3/97] | 在馆 | |
| 3 | 0842965 | 208429654 | 第一借阅区/ [索取号:F842.3/97] | 在馆 |